Sports Quiz

Random Sports or University Quiz

NBA Players from Syracuse University Quiz Stats

Quiz not verified by Sporcle

Challenge
Share
Tweet
Embed
Score 0/10 Timer 06:00
0 Plays Today
Names of NBA Players who went to Cuse % Correct
Carmelo Anthony
98.9%
Jonny Flynn
40.1%
Derrick Coleman
31.4%
Donte Green
26.9%
Jason Hart
23.6%
Etan Thomas
23.5%
John Wallace
11.2%
Paul Harris
6.8%
Damone Brown
5%
Demetrius Nichols
2.9%

You're not logged in!

Compare scores with friends on all Sporcle quizzes.
Sign Up with Email
OR
Log In

You Might Also Like...

Show Comments

Extras

Top Quizzes Today


Score Distribution

Your Account Isn't Verified!

In order to create a playlist on Sporcle, you need to verify the email address you used during registration. Go to your Sporcle Settings to finish the process.

Report this User

Report this user for behavior that violates our Community Guidelines.

Details: